<?xml version="1.0" encoding="UTF-8"?>
<record
    xmlns:xsi="http://www.w3.org/2001/XMLSchema-instance"
    xsi:schemaLocation="http://www.loc.gov/MARC21/slim http://www.loc.gov/standards/marcxml/schema/MARC21slim.xsd"
    xmlns="http://www.loc.gov/MARC21/slim">

  <leader>00659nam a22001337a 4500</leader>
  <datafield tag="040" ind1=" " ind2=" ">
    <subfield code="c">RUA</subfield>
  </datafield>
  <datafield tag="082" ind1=" " ind2=" ">
    <subfield code="a">AVM MUT 2018 B649 Or.1</subfield>
  </datafield>
  <datafield tag="100" ind1=" " ind2=" ">
    <subfield code="a">MUTH SOKHIM &#x1798;&#x17BB;&#x178F; &#x179F;&#x17BB;&#x1783;&#x17B8;&#x1798;</subfield>
  </datafield>
  <datafield tag="245" ind1=" " ind2=" ">
    <subfield code="a">case of fasiciola on cattle at khonrorng commune, boribur district, kampong chhnang province &#x1780;&#x179A;&#x178E;&#x17B8;&#x1787;&#x17C6;&#x1784;&#x17BA;&#x17A0;&#x17D2;&#x179C;&#x17B6;&#x179F;&#x17BC;&#x17A1;&#x17B6;&#x179B;&#x17BE;&#x179F;&#x178F;&#x17D2;&#x179C;&#x1782;&#x17C4; &#x1793;&#x17C5;&#x1783;&#x17BB;&#x17C6;&#x1781;&#x17BB;&#x179F;&#x179A;&#x17C9;&#x1784;&#x179F;&#x17D2;&#x179A;&#x17BB;&#x1780;&#x1794;&#x179A;&#x17B7;&#x1794;&#x17BC;&#x178E;&#x17CC; &#x1781;&#x17C1;&#x178F;&#x17D2;&#x178F;&#x1780;&#x17C6;&#x1796;&#x17BB;&#x1784;&#x1786;&#x17D2;&#x1793;&#x17B6;&#x17C6;</subfield>
  </datafield>
  <datafield tag="260" ind1=" " ind2=" ">
    <subfield code="a">RUA</subfield>
    <subfield code="b">Phnom penh</subfield>
    <subfield code="c">2019</subfield>
  </datafield>
  <datafield tag="300" ind1=" " ind2=" ">
    <subfield code="a">vii;34p</subfield>
    <subfield code="b">ill;</subfield>
    <subfield code="c">29cm</subfield>
  </datafield>
  <datafield tag="856" ind1=" " ind2=" ">
    <subfield code="u">https://drive.google.com/file/d/1Mly5i7tN5raLm6UkEWWj4VeFh7gdZ0hy/view?usp=sharing</subfield>
  </datafield>
  <datafield tag="942" ind1=" " ind2=" ">
    <subfield code="c">AVM</subfield>
  </datafield>
  <datafield tag="999" ind1=" " ind2=" ">
    <subfield code="c">18319</subfield>
    <subfield code="d">18319</subfield>
  </datafield>
  <datafield tag="952" ind1=" " ind2=" ">
    <subfield code="0">0</subfield>
    <subfield code="1">0</subfield>
    <subfield code="2">ddc</subfield>
    <subfield code="4">0</subfield>
    <subfield code="6">AVM_MUT_2018_000000000000000_B649_OR_1</subfield>
    <subfield code="7">0</subfield>
    <subfield code="9">82041</subfield>
    <subfield code="a">LBB</subfield>
    <subfield code="b">LBB</subfield>
    <subfield code="c">B649</subfield>
    <subfield code="d">2019-10-24</subfield>
    <subfield code="o">AVM MUT 2018 B649 Or.1</subfield>
    <subfield code="p">A42872</subfield>
    <subfield code="r">2019-10-24</subfield>
    <subfield code="w">2019-10-24</subfield>
    <subfield code="y">AVM</subfield>
  </datafield>
  <datafield tag="952" ind1=" " ind2=" ">
    <subfield code="0">0</subfield>
    <subfield code="1">0</subfield>
    <subfield code="2">ddc</subfield>
    <subfield code="4">0</subfield>
    <subfield code="6">AVM_MUT_2018_000000000000000_B649_OR_2</subfield>
    <subfield code="7">0</subfield>
    <subfield code="9">82042</subfield>
    <subfield code="a">LBB</subfield>
    <subfield code="b">LBB</subfield>
    <subfield code="c">B649</subfield>
    <subfield code="d">2019-10-24</subfield>
    <subfield code="o">AVM MUT 2018 B649 Or.2</subfield>
    <subfield code="p">A43226</subfield>
    <subfield code="r">2019-10-24</subfield>
    <subfield code="w">2019-10-24</subfield>
    <subfield code="y">AVM</subfield>
  </datafield>
  <datafield tag="952" ind1=" " ind2=" ">
    <subfield code="0">0</subfield>
    <subfield code="1">0</subfield>
    <subfield code="2">ddc</subfield>
    <subfield code="4">0</subfield>
    <subfield code="6">AVM_MUT_2018_000000000000000_B649_OR_3</subfield>
    <subfield code="7">0</subfield>
    <subfield code="9">82043</subfield>
    <subfield code="a">LBB</subfield>
    <subfield code="b">LBB</subfield>
    <subfield code="c">B649</subfield>
    <subfield code="d">2019-10-24</subfield>
    <subfield code="o">AVM MUT 2018 B649 Or.3</subfield>
    <subfield code="p">A43231</subfield>
    <subfield code="r">2019-10-24</subfield>
    <subfield code="w">2019-10-24</subfield>
    <subfield code="y">AVM</subfield>
  </datafield>
  <datafield tag="952" ind1=" " ind2=" ">
    <subfield code="0">0</subfield>
    <subfield code="1">0</subfield>
    <subfield code="2">ddc</subfield>
    <subfield code="4">0</subfield>
    <subfield code="6">AVM_MUT_2018_000000000000000_B649_OR_4</subfield>
    <subfield code="7">0</subfield>
    <subfield code="9">82044</subfield>
    <subfield code="a">LBB</subfield>
    <subfield code="b">LBB</subfield>
    <subfield code="c">B649</subfield>
    <subfield code="d">2019-10-24</subfield>
    <subfield code="o">AVM MUT 2018 B649 Or.4</subfield>
    <subfield code="p">A43981</subfield>
    <subfield code="r">2019-10-24</subfield>
    <subfield code="w">2019-10-24</subfield>
    <subfield code="y">AVM</subfield>
  </datafield>
  <datafield tag="952" ind1=" " ind2=" ">
    <subfield code="0">0</subfield>
    <subfield code="1">0</subfield>
    <subfield code="2">ddc</subfield>
    <subfield code="4">0</subfield>
    <subfield code="6">AVM_MUT_2018_000000000000000_B649_OR_5</subfield>
    <subfield code="7">0</subfield>
    <subfield code="9">82045</subfield>
    <subfield code="a">LBB</subfield>
    <subfield code="b">LBB</subfield>
    <subfield code="c">B649</subfield>
    <subfield code="d">2019-10-24</subfield>
    <subfield code="o">AVM MUT 2018 B649 Or.5</subfield>
    <subfield code="p">A43686</subfield>
    <subfield code="r">2019-10-24</subfield>
    <subfield code="w">2019-10-24</subfield>
    <subfield code="y">AVM</subfield>
  </datafield>
  <datafield tag="952" ind1=" " ind2=" ">
    <subfield code="0">0</subfield>
    <subfield code="1">0</subfield>
    <subfield code="2">ddc</subfield>
    <subfield code="4">0</subfield>
    <subfield code="6">AVM_MUT_2018_000000000000000_B649_OR_6</subfield>
    <subfield code="7">0</subfield>
    <subfield code="9">82046</subfield>
    <subfield code="a">LBB</subfield>
    <subfield code="b">LBB</subfield>
    <subfield code="c">B649</subfield>
    <subfield code="d">2019-10-24</subfield>
    <subfield code="l">1</subfield>
    <subfield code="o">AVM MUT 2018 B649 Or.6</subfield>
    <subfield code="p">A44071</subfield>
    <subfield code="r">2024-05-02</subfield>
    <subfield code="s">2024-05-02</subfield>
    <subfield code="w">2019-10-24</subfield>
    <subfield code="y">AVM</subfield>
  </datafield>
</record>
